Storia d'Italia / (Registro nro. 154887)
[ vista simple ]
| 000 -LEADER | |
|---|---|
| campo de control de longitud fija | 01094nam a22002415i 4500 |
| 001 - NÚMERO DE CONTROL | |
| campo de control | 154887 |
| 003 - IDENTIFICADOR DE NÚMERO DE CONTROL | |
| campo de control | ES-MaACL |
| 005 - FECHA Y HORA DE LA ÚLTIMA TRANSACCIÓN | |
| campo de control | 20240126182845.0 |
| 008 - DATOS DE LONGITUD FIJA--INFORMACIÓN GENERAL | |
| campo de control de longitud fija | 981028s1837 fr |||| | ita d |
| 040 ## - FUENTE DE CATALOGACIÓN | |
| Centro catalogador/agencia de origen | AS |
| Lengua de catalogación | spa |
| Centro/agencia transcriptor | AS |
| 100 1# - ENTRADA PRINCIPAL--NOMBRE DE PERSONA | |
| Nombre de persona | Guicciardini, Francesco ( |
| Fechas asociadas al nombre | 1483-1540) |
| 9 (RLIN) | 147512 |
| 245 10 - MENCIÓN DEL TÍTULO | |
| Título | Storia d'Italia / |
| Mención de responsabilidad, etc. | di Francesco Guicciardini ; alla miglior lezione ridotta dal professor Giovanni Rosini ; con una prefazione di Carlo Botta. |
| 260 ## - PUBLICACIÓN, DISTRIBUCIÓN, ETC. | |
| Lugar de publicación, distribución, etc. | Parigi : |
| Nombre del editor, distribuidor, etc. | Baudry, |
| Fecha de publicación, distribución, etc. | 1837 ( |
| Fabricante | Stamperia di Crapelet) |
| 300 ## - DESCRIPCIÓN FÍSICA | |
| Extensión | 6 v. ; |
| Dimensiones | 23 cm. |
| 490 1# - MENCIÓN DE SERIE | |
| Mención de serie | Collezione de' miglori autori italiani antichi e moderni ; |
| Designación de volumen o secuencia | 15; 16; 17; 18; 19; 20 |
| 597 ## - NOTA DE DESCRIPCIÓN FÍSICA | |
| NOTA DE DESCRIPCIÓN FÍSICA | T. I: XXIV, 506 p., 1 h. de grab. - T. II: 499 p. - T. III: 452 p. - T. IV: 463 p. - T. V: 459 p. - T. VI: 452 p. |
| 651 #4 - PUNTO DE ACCESO ADICIONAL DE MATERIA--NOMBRE GEOGRÁFICO | |
| Nombre geográfico | Italia- |
| Subdivisión general | Historia- |
| Subdivisión cronológica | 1492-1559. |
| 9 (RLIN) | 153909 |
| 700 1# - ENTRADA AGREGADA--NOMBRE PERSONAL | |
| Nombre de persona | Rosini, Giovanni. |
| 9 (RLIN) | 132068 |
| 700 0# - ENTRADA AGREGADA--NOMBRE PERSONAL | |
| Nombre de persona | Botta, Carlo. |
| 9 (RLIN) | 30793 |
| 830 0# - PUNTO DE ACCESO ADICIONAL DE SERIE-TÍTULO UNIFORME | |
| Título uniforme | Collezione de' miglori autori italiani antichi e moderni |
| Designación de volumen o secuencia | 15; 16; 17; 18; 19; 20 |
| 9 (RLIN) | 221518 |
| 852 ## - LOCALIZACIÓN | |
| Ubicación | ES-MaACL |
| Número de control de estantería | C-142-47 |
| Nota libre | -- Enc. hol. |
| Estatus retirado | Estado de pérdida | Estado de daño | No para préstamo | Colección | Biblioteca de origen | Biblioteca actual | Ubicación en estantería | Fecha de adquisición | Total de préstamos | Signatura topográfica completa | Código de barras | Visto por última vez | Precio de reemplazo | Tipo de ítem Koha |
|---|---|---|---|---|---|---|---|---|---|---|---|---|---|---|
| Libros del s. XIX | Biblioteca del Ateneo de Madrid | Biblioteca del Ateneo de Madrid | Sala Palomar | 17/01/2008 | C-142-47 | 1162018 | 23/02/2023 | 23/02/2023 | Libro impreso antiguo |
